000 00737cam a22002411 4500
001 he 68000250
003 DLC
005 20260227111452.0
008 840703s1967 is 000 0 heb
010 _ahe 68000250
035 _a(OCoLC)19167253
040 _aDLC
_cMH
_dDLC
042 _apremarc
050 0 0 _aPQ1825.H4
_bA388 1967
100 1 _aMolière,
_d1622-1673.
245 1 0 _aḲomedyot /
_cmi-Tsarfatit Natan Alterman.
260 _aTel Aviv :
_bha-Ḳibuts ha-meʼuḥad,
_c727 [1967]
300 _a3 v. :
_bill., facsim., ports ;
_c24 cm.
500 _aAdded t.p.: Comédies. Traduction de Nathan Alterman.
700 1 _aAlterman, Nathan,
_d1910-1970.
_etr.
700 1 _aDorman, Menaḥem.
752 _aIsrael
_dTel Aviv
999 _c32863
_d32863